| 000 | 00760cam a2200193 i 4500 | ||
|---|---|---|---|
| 005 | 20260114121201.0 | ||
| 008 | 250721s2020 jo gr 000 0 ara d | ||
| 082 | 1 | 4 |
_a306.85 _bا م ي |
| 100 | 1 |
_aأمين، إيناس _eمؤلف. |
|
| 245 | 1 | 2 |
_aالمشاكل الأسرية في حياتنا : _bدور الأسرة والفرد والمجتمع في حلها / _cتأليف إيناس أمين. |
| 250 | _aالطبعة الأولى. | ||
| 264 | 3 | 1 |
_aعمان : _bدار من المحيط الى الخليج، _c2020. |
| 300 | _a136 صفحة. | ||
| 650 | 1 | 7 | _aالعلاقات داخل الاسرة. |
| 650 | 1 | 7 | _aالحقوق الاسرية. |
| 650 | 1 | 7 | _aالتفكك الاسري. |
| 942 |
_2ddc _cBK |
||
| 999 |
_c141865 _d141865 |
||